La huelga en los ferro-carriles de los Estados Unidos de la América del Norte en 1877 / (Record no. 183766)

MARC details
000 -LEADER
campo de control de longitud fija 01122nam a2200217 i 4500
001 - NÚMERO DE CONTROL
campo de control 183766
003 - IDENTIFICADOR DE NÚMERO DE CONTROL
campo de control ES-MaACL
005 - FECHA Y HORA DE LA ÚLTIMA TRANSACCIÓN
campo de control 20231206063300.0
008 - DATOS DE LONGITUD FIJA--INFORMACIÓN GENERAL
campo de control de longitud fija 141013s1879 sp |||| | spa d
080 ## - NÚMERO DE LA CLASIFICACIÓN DECIMAL UNIVERSAL
Número de la Clasificación Decimal Universal 656.2.071:331.109.32(73)
100 1# - ENTRADA PRINCIPAL--NOMBRE DE PERSONA
Nombre de persona Aguilar y Correa, Antonio,
Títulos y otros términos asociados al nombre Marqués de la Vega de Armijo,
Fechas asociadas al nombre 1824-1908
9 (RLIN) 18751
245 13 - MENCIÓN DEL TÍTULO
Título La huelga en los ferro-carriles de los Estados Unidos de la América del Norte en 1877 /
Mención de responsabilidad, etc. estudio hecho por el Marqués de la Vega de Armijo sobre dos artículos ... leídos en la Real Academia de Ciencias Morales y Políticas en las sesiones del 14, 21 y 28 de enero y 4 de febrero de 1879.
260 ## - PUBLICACIÓN, DISTRIBUCIÓN, ETC.
Lugar de publicación, distribución, etc. Madrid :
Nombre del editor, distribuidor, etc. Imp. y Librería de Eduardo Martínez,
Fecha de publicación, distribución, etc. 1879.
300 ## - DESCRIPCIÓN FÍSICA
Extensión 93 p. ;
Dimensiones 20 cm.
530 ## - NOTA DISPONIBLE DE FORMULARIO FÍSICO ADICIONAL
Nota de formato físico adicional disponible Disponible en formato digital.
650 #4 - PUNTO DE ACCESO ADICIONAL DE MATERIA--TÉRMINO DE MATERIA
Término de materia o nombre geográfico como elemento de entrada Transportes ferroviarios-
Subdivisión general Personal-
-- Huelgas-
Subdivisión geográfica Estados Unidos.
9 (RLIN) 155702
710 2# - ENTRADA AGREGADA--NOMBRE DE ENTIDAD CORPORATIVA
Nombre de entidad corporativa o nombre de jurisdicción como elemento de entrada Real Academia de Ciencias Morales y Políticas (España)
9 (RLIN) 222050
852 ## - LOCALIZACIÓN
Ubicación ES-MaACL
Número de control de estantería T-302-F-3
856 41 - LOCALIZACIÓN Y ACCESO ELECTRÓNICOS
Identificador Uniforme de Recursos <a href="http://bdh-rd.bne.es/viewer.vm?id=0000144441&page=1 ">http://bdh-rd.bne.es/viewer.vm?id=0000144441&page=1 </a>
Nota pública Biblioteca Digital Hispánica
Holdings
Estatus retirado Estado de pérdida Estado de daño No para préstamo Colección Biblioteca de origen Biblioteca actual Ubicación en estantería Fecha de adquisición Fuente de adquisición Total de préstamos Signatura topográfica completa Código de barras Visto por última vez Precio de reemplazo Tipo de ítem Koha
        Colección de folletos Biblioteca del Ateneo de Madrid Biblioteca del Ateneo de Madrid Depósito folletos 13/10/2014     T-302-F-3 1193208 23/02/2023 23/02/2023 Folleto